000 00551nam a2200193 a 4500
001 17926
003 CO-ViMGA
008 141112s2004 ck r 000 u spa d
020 _a9583350877
040 _aCO-ViMGA
_bspa
_cCO-ViMGA
082 0 4 _aCo862 R637a
100 1 _aRodriguez, Adelaida
_925363
245 1 0 _aLos Ausentes
260 _aTunja (Colombia),
_cAlcaldia Municipal de San Vicente de Chucurí,
_c2003
300 _a122.p.
590 _aForma de adquisición : Premio - Mincultura
650 1 4 _aPOESIA COLOMBIANA
_91069
942 _2ddc
_cBK
999 _c27325
_d27325